Triedenie komunálneho odpadu v meste Michalovce

Triedenie a následné zhodnotenie komunálneho odpadu v meste Michalovce v roku 2015. Vytriedené a odovzdané komodity v kilogramoch. Tržby za vytriedené komodity za roky 2014 a 2015.

Na minha lista:
Detalhes bibliográficos
Autor principal: Stričík, Michal, 1969-
Outros Autores: Rovný, Patrik, Helemiková, Michaela
Formato: Capítulo de Livro
Idioma:eslovaco
Assuntos:
Tags: Adicionar Tag
Sem tags, seja o primeiro a adicionar uma tag!

MARC

LEADER 00000nla a2200000 4500
001 0240765
005 20240502073922.8
041 0 |a slo 
044 |a SK 
245 1 0 |a Triedenie komunálneho odpadu v meste Michalovce  |c M. Stričík, P. Rovný, M. Helemiková 
520 |a Triedenie a následné zhodnotenie komunálneho odpadu v meste Michalovce v roku 2015. Vytriedené a odovzdané komodity v kilogramoch. Tržby za vytriedené komodity za roky 2014 a 2015. 
610 2 0 |a odpad komunálny 
610 2 0 |a zber separovaný 
610 2 0 |a komodity 
610 2 0 |a tržby 
610 2 0 |a mestá 
100 1 |a Stričík, Michal, 1969- 
700 1 |a Rovný, Patrik 
700 1 |a Helemiková, Michaela